| 000 | 00852nam a2200217Ia 4500 | ||
|---|---|---|---|
| 003 | OSt | ||
| 005 | 20250728141559.0 | ||
| 008 | 210210b1989 xxu||||| |||| 00| 0 eng d | ||
| 040 | _cAL | ||
| 041 | _aEnglish | ||
| 082 | _a737.4 TAYC | ||
| 100 |
_aTAYLOR (Geo P). _9220492 |
||
| 245 | _aCoins of Tipusultan. | ||
| 260 |
_aMadras. _bA E S., _c1989 |
||
| 300 | _a36 | ||
| 520 | _a"The Coins of Tipu Sultan" is a numismatic work by George P. Taylor, published in 1914. It focuses on the coinage of Tipu Sultan, the ruler of the Kingdom of Mysore, who was known for his military prowess and innovative reforms. Taylor's book is a detailed study of Tipu Sultan's coins, likely including their historical context, design, and variations | ||
| 650 |
_aCoins, Tipu Sultan _9220493 |
||
| 690 |
_aNumismatics _9220494 |
||
| 906 | _a043189 | ||
| 942 |
_2ddc _cBK |
||
| 999 |
_c92608 _d92608 |
||